AH International Schools' Libraries

Goldilocks and the three bears / (Record no. 49413)

MARC details
000 -LEADER
fixed length control field 00292nam a2200109 4500
020 ## - INTERNATIONAL STANDARD BOOK NUMBER
International Standard Book Number 9781474895194
100 ## - MAIN ENTRY--PERSONAL NAME
Personal name Scott, Gavin
9 (RLIN) 64333
245 ## - TITLE STATEMENT
Title Goldilocks and the three bears /
Statement of responsibility, etc Gavin Scott
260 ## - PUBLICATION, DISTRIBUTION, ETC. (IMPRINT)
Place of publication, distribution, etc UK
Name of publisher, distributor, etc Parragon Books
Date of publication, distribution, etc 2017
300 ## - PHYSICAL DESCRIPTION
Extent 28 p.
Other physical details col. ill.
Dimensions 21 cm.
942 ## - ADDED ENTRY ELEMENTS (KOHA)
Source of classification or shelving scheme
Koha item type Book
Holdings
Withdrawn status Lost status Source of classification or shelving scheme Damaged status Not for loan Home library Current library Shelving location Date acquired Total Checkouts Full call number Barcode Date last seen Date checked out Price effective from Koha item type
          Asian Hope Early Years Library Asian Hope Early Years Library Easy Reading 08/25/2025 4 E SCO 208936 04/28/2026 04/21/2026 08/25/2025 Book

For any Logos Library related questions please contact Miss Art at swongnarasuk@asianhope.org.

For any Asian Hope Library related questions please contact Miss Raza at graza@asianhope.org.

Powered by Koha